Städte in Belgien - Karten-Quiz - Statistiken

Allgemein
  • Dieses Quiz wurde 116 mal gespielt
  • Das Durchschnittsergebnis liegt bei 8 aus 16
Antworten auf der Karte
Die Antworten werden auf der Karte rot bzw. grün angezeigt, abhängig davon wie oft sie richtig erraten wurden.
 
Antwortstatistiken
Antwort % Korrekt
Brüssel
98%
Antwerpen
75%
Gent
69%
Lüttich
69%
Ostende
67%
Brügge
66%
Charleroi
56%
Löwen
53%
Namur
46%
Hasselt
42%
Mons
40%
Arlon
34%
Kortrijk
34%
Marche-en-Famenne
31%
Turnhout
31%
Sint-Niklaas
27%
Keine übereinstimmenden Quizze gefunden
Verteilung der Resultate
Anzahl Personen mit jedem Resultat
Perzentil nach korrekt beantworteten Fragen
Ihre Resultats-Entwicklung
Sie haben dieses Quiz noch nicht gespielt